Fundamentos de programación. Piensa en C. / Osvaldo Cairó Battistutti (Registro nro. 19637)
[ vista simple ]
| 000 -LÍDER | |
|---|---|
| fixed length control field | 00493nam a2200145 4500 |
| 008 - ELEMENTOS DE LONGITUD FIJA -- INFORMACIÓN GENERAL | |
| fixed length control field | 0 2006 0a 000 0Mex |
| 020 ## - NÚMERO INTERNACIONAL NORMALIZADO PARA LIBROS | |
| ISBN | 970-26-0810-4 |
| 050 ## - SIGNATURA TOPOGRAFICA DE LA BIBLIOTECA DEL CONGRESO (LC) | |
| Número de Clasificación | QA76.73.C15 C136 2006 |
| 082 ## - NUMERO DE CLASIFICACION DECIMAL DEWEY | |
| Número de Clasificación | 001.642.4 C122f |
| 100 ## - ASIENTO PRINCIPAL--NOMBRE PERSONAL | |
| Nombre personal | Cairó Battistutti, Osvaldo |
| 245 ## - TÍTULO | |
| Título | Fundamentos de programación. Piensa en C. / Osvaldo Cairó Battistutti |
| 260 ## - PUBLICACIÓN, DISTRIBUCIÓN, ETC. (PIE DE IMPRENTA) | |
| Lugar de publicación, distribución, etc. | México : Pearson Educacion |
| 300 ## - DESCRIPCIÓN FÍSICA | |
| Extensión | xii, 378 p. / 23 cm. |
| 650 ## - ASIENTO SECUNDARIO DE MATERIA - TERMINO TEMÁTICO | |
| Término temático o nombre geográfico como elemento de entrada | 1. C (LENGUAJE DE PROGRAMACION PARA COMPUTADORAS) |
| No. biblioteca | No. biblioteca | Número de clasificación | Código de barras/Número de adquisición | Número de copia | Tipo de material |
|---|---|---|---|---|---|
| LUIS G. INCLAN | LUIS G. INCLAN | 001.642.4 C122f | 47586 | 1 | Libros |
| LUIS G. INCLAN | LUIS G. INCLAN | 001.642.4 C122f | 49448 | 2 | Libros |
